[Event "37th Reykjavik op"]
[Site "Reykjavik ISL"]
[Date "2024.03.21"]
[Round "9.4"]
[White "Larkin, Vladyslav"]
[Black "Xu, Xiangyu"]
[WhiteElo "2450"]
[BlackElo "2623"]
[Result "1/2-1/2"]
[EventDate "2024.03.15"]
[PlyCount "163"]

1. d4 {[%eval 17,0]} Nf6 {[%eval 16,0]} 2. c4 {[%eval 16,0]} e6 {[%eval 21,0]}
3. Nc3 {[%eval 8,0]} Bb4 {[%eval 12,0]} 4. Qc2 {[%eval 3,0]} O-O {[%eval 0,0]}
5. a3 {[%eval 0,0]} Bxc3+ {[%eval 13,0]} 6. Qxc3 {[%eval 4,0]} b6 {[%eval 7,0]}
7. Nf3 {[%eval 8,0]} Bb7 {[%eval 6,0]} 8. e3 {[%eval 4,0]} d5 {[%eval 4,0]} 9.
Be2 {[%eval 14,0]} Nbd7 {[%eval 22,0]} 10. O-O {[%eval 0,0]} c5 {[%eval 23,0]}
11. dxc5 {[%eval 25,0]} dxc4 {[%eval 28,0]} 12. cxb6 {[%eval 32,0]} Nxb6 {
[%eval 28,0]} 13. Rd1 {[%eval 41,0]} Qb8 {[%eval 46,0]} 14. Qa5 {[%eval 21,0]}
Be4 {[%eval 56,0]} 15. Bd2 {[%eval 54,0]} Nbd5 {[%eval 78,0]} 16. Bc3 $6 {
[%eval 11,0] Inaccuracy. Bxc4 was best.} (16. Bxc4 Ng4) 16... Nxc3 {[%eval 26,
0]} 17. Qxc3 {[%eval 9,0]} Rc8 {[%eval 33,0]} 18. Rac1 {[%eval 35,0]} h6 {
[%eval 83,0]} 19. Ne5 {[%eval 85,0]} Qb7 {[%eval 121,0]} 20. Bf1 {[%eval 118,0]
} Bd3 {[%eval 123,0]} 21. Nxd3 {[%eval 135,0]} cxd3 {[%eval 131,0]} 22. Qd2 {
[%eval 109,0]} Qb3 {[%eval 119,0]} 23. Bxd3 {[%eval 126,0]} Rxc1 $6 {[%eval
201,0] Inaccuracy. Rab8 was best.} (23... Rab8 24. Bc2 Qd5 25. Qxd5 Nxd5 26.
Bd3 a5 27. Rxc8+ Rxc8 28. Kf1 g5 29. Ke2 Kf8 30. Rd2) 24. Rxc1 {[%eval 185,0]}
Rb8 {[%eval 201,0]} 25. Rc3 {[%eval 216,0]} Qb7 {[%eval 234,0]} 26. Qc2 {
[%eval 203,0]} g5 {[%eval 241,0]} 27. b4 {[%eval 204,0]} Rd8 {[%eval 244,0]}
28. Rc7 {[%eval 242,0]} Qb8 {[%eval 243,0]} 29. g3 {[%eval 236,0]} Kg7 {
[%eval 259,0]} 30. Be2 {[%eval 253,0]} Rd6 {[%eval 301,0]} 31. Qc3 {[%eval 308,
0]} Kg6 {[%eval 305,0]} 32. Qc5 $6 {[%eval 214,0] Inaccuracy. h3 was best.} (
32. h3 Qb6 33. Bf3 Qa6 34. Kg2 Rd8 35. Qc2+ Kg7 36. a4 Qd6 37. Qc3 a6 38. Rc6
Qd2) 32... Qd8 {[%eval 266,0]} 33. Rc8 {[%eval 258,0]} Qd7 {[%eval 253,0]} 34.
Qc7 $6 {[%eval 158,0] Inaccuracy. Rc7 was best.} (34. Rc7) 34... Ne4 $6 {
[%eval 283,0] Inaccuracy. Rd1+ was best.} (34... Rd1+ 35. Kg2) 35. Qc2 $6 {
[%eval 197,0] Inaccuracy. Qc4 was best.} (35. Qc4 Nf6 36. Rc7 Qa4 37. Qc3 Ne8
38. Rc8 Nf6 39. h3 Qd7 40. Rc7 Qa4 41. Kg2 Rd8) 35... f5 {[%eval 189,0]} 36.
Rg8+ $6 {[%eval 114,0] Inaccuracy. g4 was best.} (36. g4 Nf6 37. Rc7 Rd2 38.
Qc1 Qd5 39. Rc5 Qd7 40. Rc2 Rxc2 41. Qxc2 h5 42. gxh5+ Nxh5) 36... Kh7 {
[%eval 105,0]} 37. Qc8 $6 {[%eval 29,0] Inaccuracy. Ra8 was best.} (37. Ra8)
37... Qxc8 {[%eval 19,0]} 38. Rxc8 {[%eval 27,0]} Rd2 {[%eval 32,0]} 39. Kf1 {
[%eval 35,0]} g4 {[%eval 4,0]} 40. Rc6 {[%eval 35,0]} Ra2 {[%eval 33,0]} 41.
Rxe6 {[%eval 52,0]} Kg7 $6 {[%eval 139,0] Inaccuracy. Ra1+ was best.} (41...
Ra1+ 42. Kg2 Kg7 43. b5 Rxa3 44. Ra6 Rxa6 45. bxa6 Kf6 46. f3 gxf3+ 47. Bxf3
Nc5 48. Bb7) 42. Bd3 $2 {[%eval 0,0] Mistake. Re7+ was best.} (42. Re7+ Kf6)
42... Rxf2+ $4 {[%eval 253,0] Blunder. Ra1+ was best.} (42... Ra1+ 43. Kg2 Ng5
44. Re7+ Kf6 45. Rxa7 Nf3 46. Ra6+ Ke5 47. Ra5+ Kd6 48. Bf1 Ne1+ 49. Kh1) 43.
Kg1 {[%eval 253,0]} Ra2 {[%eval 247,0]} 44. Bxe4 {[%eval 246,0]} fxe4 {[%eval
237,0]} 45. Rxe4 {[%eval 228,0]} h5 {[%eval 201,0]} 46. Re5 $2 {[%eval 35,0]
Mistake. Re7+ was best.} (46. Re7+ Kg6 47. Rxa7 Ra1+ 48. Kf2 Ra2+ 49. Kf1 Kf5
50. b5 Ke4 51. b6 Kd3 52. Rd7+ Kxe3) 46... Ra1+ {[%eval 36,0]} 47. Kg2 {
[%eval 4,0]} Ra2+ {[%eval 65,0]} 48. Kf1 {[%eval 69,0]} Kg6 $2 {[%eval 238,0]
Mistake. Ra1+ was best.} (48... Ra1+ 49. Ke2 Ra2+ 50. Kd3 Rxa3+ 51. Kd4 Kg6 52.
Ra5 Rb3 53. b5 Rb2 54. Kc3 Rxh2 55. Ra6+) 49. Ra5 {[%eval 236,0]} Rxh2 {
[%eval 228,0]} 50. b5 {[%eval 233,0]} Rb2 {[%eval 276,0]} 51. a4 {[%eval 281,0]
} h4 $6 {[%eval 306,0] Inaccuracy. Kf6 was best.} (51... Kf6 52. Rxa7) 52. gxh4
{[%eval 303,0]} g3 {[%eval 334,0]} 53. h5+ $6 {[%eval 205,0] Inaccuracy. Rxa7
was best.} (53. Rxa7 Kh5 54. e4 Kxh4 55. e5 g2+ 56. Kg1 Kh3 57. Rh7+ Kg3 58.
Rg7+ Kh3 59. e6 Rb1+) 53... Kh6 $6 {[%eval 304,0] Inaccuracy. Kg5 was best.} (
53... Kg5 54. Rxa7 Kxh5 55. Rg7 Kh4 56. e4 Kh3 57. e5 g2+ 58. Ke1 Rb3 59. Kf2
Rb2+ 60. Kf3) 54. e4 {[%eval 333,0]} Rf2+ {[%eval 365,0]} 55. Kg1 {[%eval 398,
0]} Rb2 {[%eval 432,0]} 56. Rxa7 {[%eval 405,0]} Kxh5 {[%eval 405,0]} 57. e5 {
[%eval 373,0]} Kg4 {[%eval 428,0]} 58. e6 {[%eval 401,0]} Kf5 {[%eval 485,0]}
59. e7 {[%eval 408,0]} Re2 {[%eval 464,0]} 60. Kf1 {[%eval 487,0]} Re4 {
[%eval 485,0]} 61. Kg2 {[%eval 471,0]} Kg4 {[%eval 449,0]} 62. e8=Q {[%eval
383,0]} Rxe8 {[%eval 447,0]} 63. Rg7+ {[%eval 436,0]} Kf4 {[%eval 406,0]} 64.
Rxg3 $6 {[%eval 208,0] Inaccuracy. Rf7+ was best.} (64. Rf7+ Kg4 65. Rg7+ Kf4
66. b6 Re2+ 67. Kf1 Rb2 68. a5 Rb1+ 69. Ke2 g2 70. Rxg2 Rb2+) 64... Ra8 {
[%eval 274,0]} 65. Ra3 {[%eval 303,0]} Ke4 {[%eval 302,0]} 66. b6 {[%eval 209,
0]} Kd5 {[%eval 269,0]} 67. Kf3 $4 {[%eval 0,0] Blunder. Rb3 was best.} (67.
Rb3 Kc6 68. a5 Kb7 69. Rb5 Rf8 70. Kg3 Ka6 71. Rd5 Rf7 72. Kg4 Rf8 73. Kg5 Rf1)
67... Rh8 $4 {[%eval 264,0] Blunder. Kc6 was best.} (67... Kc6 68. a5 Kb5 69.
Rb3+ Ka6 70. Ke3 Rb8 71. Kd4 Rh8 72. Rb1 Rh4+ 73. Kc5 Rh5+ 74. Kc6) 68. Ra1 $4
{[%eval 0,0] Blunder. Re3 was best.} (68. Re3 Rf8+ 69. Ke2 Ra8 70. Rb3 Kc6 71.
a5 Kb7 72. Rb5 Re8+ 73. Kd3 Ka6 74. Rd5 Rc8) 68... Kc6 {[%eval 0,0]} 69. a5 {
[%eval 0,0]} Kb5 {[%eval 0,0]} 70. Ke4 {[%eval 0,0]} Ka6 {[%eval 0,0]} 71. Rb1
{[%eval 0,0]} Rh4+ {[%eval 0,0]} 72. Kf5 {[%eval 0,0]} Rh5+ {[%eval 0,0]} 73.
Kg6 {[%eval 2,0]} Rh8 {[%eval 2,0]} 74. Kg7 {[%eval 0,0]} Rb8 {[%eval 0,0]} 75.
Ra1 {[%eval 0,0]} Rd8 {[%eval 0,0]} 76. Kf7 {[%eval 0,0]} Rh8 {[%eval 2,0]} 77.
Kg6 {[%eval 0,0]} Rg8+ {[%eval 0,0]} 78. Kf6 {[%eval 0,0]} Rh8 {[%eval 0,0]}
79. Kg7 {[%eval 0,0]} Rd8 {[%eval 0,0]} 80. Kg6 {[%eval 2,0]} Rg8+ {[%eval 2,0]
} 81. Kf5 {[%eval 4,0]} Rh8 {[%eval 2,0]} 82. Ke4 {[%eval 0,0]} 1/2-1/2

[Event "37th Reykjavik op"]
[Site "Reykjavik ISL"]
[Date "2024.03.21"]
[Round "9.5"]
[White "He, Junchen"]
[Black "Cramling Bellon, Anna"]
[WhiteElo "1956"]
[BlackElo "2115"]
[Result "1-0"]
[EventDate "2024.03.15"]
[PlyCount "63"]

1. a3 {[%eval 11,0]} d5 {[%eval 1,0]} 2. Nf3 {[%eval 12,0]} c5 {[%eval 7,0]} 3.
b4 {[%eval 37,0]} e6 {[%eval 6,0]} 4. Bb2 {[%eval 27,0]} Nf6 {[%eval 35,0]} 5.
bxc5 {[%eval 38,0]} Bxc5 {[%eval 26,0]} 6. e3 {[%eval 29,0]} b6 {[%eval 7,0]}
7. d4 {[%eval 0,0]} Be7 {[%eval 0,0]} 8. Nbd2 {[%eval 28,0]} O-O {[%eval 11,0]}
9. Bd3 {[%eval 25,0]} Bb7 {[%eval 4,0]} 10. O-O {[%eval 8,0]} Nbd7 {[%eval 4,0]
} 11. c4 {[%eval 8,0]} Ne4 {[%eval 34,0]} 12. Ne1 $6 {[%eval 66,0] Inaccuracy.
cxd5 was best.} (12. cxd5) 12... Rc8 $6 {[%eval 4,0] Inaccuracy. Nxd2 was best.
} (12... Nxd2) 13. Rc1 $6 {[%eval -97,0] Inaccuracy. cxd5 was best.} (13. cxd5)
13... Bd6 $6 {[%eval 25,0] Inaccuracy. Nxd2 was best.} (13... Nxd2 14. Qxd2 Ne5
15. cxd5 Rxc1 16. dxe5 Rxe1 17. Rxe1 Qxd5 18. f3 Bc5 19. Qe2 Qd7 20. Rd1) 14.
f4 $6 {[%eval 86,0] Inaccuracy. Nef3 was best.} (14. Nef3 Qe7) 14... f5 {
[%eval 73,0]} 15. Nxe4 {[%eval -96,0]} fxe4 {[%eval -76,0]} 16. Be2 {[%eval
-79,0]} g5 $2 {[%eval 3,0] Mistake. Ba6 was best.} (16... Ba6) 17. g3 {[%eval
5,0]} gxf4 {[%eval 59,0]} 18. exf4 {[%eval 68,0]} Nf6 {[%eval 65,0]} 19. Ng2 {
[%eval 73,0]} dxc4 {[%eval 58,0]} 20. Bxc4 {[%eval 51,0]} Rxc4 {[%eval 71,0]}
21. Rxc4 {[%eval 54,0]} e3 $2 {[%eval 219,0] Mistake. Ba6 was best.} (21... Ba6
22. Qa4 Bxc4 23. Qxc4 Qc8 24. Qe2 Rf7 25. Ne3 Bf8 26. Qb5 Bg7 27. Qg5 Nd5 28.
Nxd5) 22. Nxe3 {[%eval 224,0]} Qe8 {[%eval 206,0]} 23. f5 {[%eval 232,0]} exf5
{[%eval 224,0]} 24. Nxf5 $4 {[%eval 15,0] Blunder. Qb3 was best.} (24. Qb3 Nd5
25. Nxf5 Bf4 26. gxf4 Rxf5 27. Rc3 Ba6 28. Rg3+ Kf7 29. Rc1 Qe2 30. Qc2 Qxc2)
24... Bxg3 $4 {[%eval 407,0] Blunder. Qe4 was best.} (24... Qe4 25. Qf3 Qxf3
26. Rxf3 Bxf3 27. Nxd6 Nd5 28. Rc8 Bg4 29. Rxf8+ Kxf8 30. Nc4 h5 31. Ne5) 25.
d5 {[%eval 408,0]} Be5 {[%eval 408,0]} 26. Bxe5 {[%eval 403,0]} Qxe5 {[%eval
392,0]} 27. Qd4 {[%eval 402,0]} Qe2 $2 {[%eval 751,0] Mistake. Qxd4+ was best.}
(27... Qxd4+ 28. Rxd4 Rd8 29. Rdf4 Kh8 30. Ne7 Nd7 31. Rf5 Re8 32. d6 Be4 33.
R5f4 Nc5 34. Rg4) 28. Nh6+ {[%eval 741,0]} Kg7 {[%eval 683,0]} 29. Rc7+ {
[%eval 713,0]} Kg6 {[%eval 677,0]} 30. Rxb7 {[%eval 642,0]} Qh5 {[%eval 865,0]}
31. Ng4 {[%eval 711,0]} Qg5 $2 {[%eval 32748,0] Checkmate is now unavoidable.
Qxg4+ was best.} (31... Qxg4+ 32. Qxg4+ Nxg4 33. Rxf8 Ne5 34. d6 Kh6 35. Re7
Nc6 36. Kf2 Na5 37. d7 Nb7 38. Rg8) 32. Rxf6+ {[%eval 32710,0]} 1-0

[Event "37th Reykjavik op"]
[Site "Reykjavik ISL"]
[Date "2024.03.21"]
[Round "9.6"]
[White "Nicholson, Devin"]
[Black "Belenkaya, Dina"]
[WhiteElo "1822"]
[BlackElo "2164"]
[Result "0-1"]
[EventDate "2024.03.15"]
[PlyCount "64"]

1. e4 {[%eval 13,0]} c6 {[%eval 24,0]} 2. d4 {[%eval 28,0]} d5 {[%eval 31,0]}
3. e5 {[%eval 19,0]} Bf5 {[%eval 38,0]} 4. Nf3 {[%eval 3,0]} e6 {[%eval 25,0]}
5. Be2 {[%eval 29,0]} Bb4+ $6 {[%eval 86,0] Inaccuracy. c5 was best.} (5... c5
6. Be3 cxd4 7. Nxd4 Ne7 8. O-O Nbc6 9. Bb5 a6 10. Bxc6+) 6. c3 {[%eval 8,0]}
Ba5 {[%eval 78,0]} 7. Qb3 {[%eval 59,0]} Bb6 {[%eval 59,0]} 8. a4 {[%eval 57,0]
} a5 {[%eval 79,0]} 9. Bg5 {[%eval 47,0]} Qc7 {[%eval 87,0]} 10. Nbd2 $6 {
[%eval 21,0] Inaccuracy. Nh4 was best.} (10. Nh4 Bxb1) 10... Na6 $2 {[%eval
162,0] Mistake. h6 was best.} (10... h6 11. Be3 Ne7 12. Rg1 Nd7 13. g4 Bh7 14.
h4 f6 15. exf6 gxf6 16. Bxh6 e5 17. dxe5) 11. O-O $6 {[%eval 81,0] Inaccuracy.
Nh4 was best.} (11. Nh4 h6 12. Nxf5 exf5 13. Be3 Ne7 14. O-O O-O 15. f4 c5 16.
Nb1 Nc6 17. Rd1 f6) 11... h6 {[%eval 78,0]} 12. Be3 {[%eval 79,0]} Ne7 {
[%eval 104,0]} 13. Nh4 {[%eval 53,0]} Bh7 {[%eval 62,0]} 14. f4 {[%eval 9,0]}
O-O {[%eval 27,0]} 15. g4 {[%eval 21,0]} c5 {[%eval 16,0]} 16. f5 {[%eval 22,0]
} Nc6 {[%eval 29,0]} 17. Ndf3 {[%eval 38,0]} cxd4 {[%eval 58,0]} 18. cxd4 {
[%eval 59,0]} Nab4 {[%eval 101,0]} 19. Rac1 $6 {[%eval 3,0] Inaccuracy. Kh1
was best.} (19. Kh1 f6 20. Rg1 Rae8 21. Rg2 fxe5 22. g5 exd4 23. Bd2 d3 24.
Bxd3 Nxd3 25. Qxd3 Bxf5) 19... Qd8 {[%eval 35,0]} 20. Qd1 $2 {[%eval 98,0]
Mistake. Rcd1 was best.} (20. Rcd1 f6 21. Kh1 fxe5 22. dxe5 exf5 23. gxf5 Bxf5
24. Nxf5 Rxf5 25. Bd3 Rf7 26. Bb1 Bxe3) 20... f6 {[%eval 49,0]} 21. exf6 {
[%eval 6,0]} exf5 $6 {[%eval 8,0] Inaccuracy. Qxf6 was best.} (21... Qxf6 22.
Kh1) 22. fxg7 $6 {[%eval 83,0] Inaccuracy. g5 was best.} (22. g5 hxg5) 22...
Re8 {[%eval 91,0]} 23. Bxh6 $2 {[%eval -174,0] Mistake. Ng2 was best.} (23. Ng2
fxg4 24. Nfh4 Kxg7 25. Bd3 Rxe3 26. Bxh7 Kxh7 27. Rxc6 Re4 28. Rf7+ Kg8 29.
Rg6+ Kxf7) 23... Nxd4 {[%eval -188,0]} 24. Nxd4 $6 {[%eval -284,0] Inaccuracy.
Kh1 was best.} (24. Kh1 Nxe2 25. gxf5 Qd6 26. Bg5 Nxc1 27. Bxc1 Bd8 28. Ng5
Bxg5 29. Bxg5 d4 30. Qh5 Qa6) 24... Qxh4 {[%eval -295,0]} 25. Bf4 $6 {[%eval
-291,0] Inaccuracy. Kh1 was best.} (25. Kh1 Bxd4 26. Bf3 Qxh6 27. Qxd4 Qxg7 28.
Bxd5+ Nxd5 29. Qxd5+ Kh8 30. gxf5 Re5 31. Qc4 Rg8) 25... Bxd4+ {[%eval -395,0]}
26. Qxd4 {[%eval -397,0]} Rxe2 {[%eval -207,0]} 27. Bg3 {[%eval -389,0]} Qh3 {
[%eval -378,0]} 28. Rf2 {[%eval -379,0]} Rxf2 {[%eval -373,0]} 29. Qxf2 {
[%eval -382,0]} Qxg4 {[%eval -393,0]} 30. Kh1 $6 {[%eval -469,0] Inaccuracy.
Re1 was best.} (30. Re1 f4 31. Qxf4 Qxf4 32. Bxf4 Nd3 33. Rf1 Nxf4 34. Rxf4
Kxg7 35. b4 axb4 36. Rxb4 Kf6) 30... f4 {[%eval -311,0]} 31. Rf1 $2 {[%eval
-817,0] Mistake. Qxf4 was best.} (31. Qxf4 Qxf4 32. Bxf4 Nd3 33. Rf1 Nxf4 34.
Rxf4 Kxg7 35. Kg1 Rf8 36. Rg4+ Kf6 37. b4 Bf5) 31... Nd3 {[%eval -873,0]} 32.
Qd4 {[%eval -1016,0]} Be4+ 0-1

[Event "37th Reykjavik op"]
[Site "Reykjavik ISL"]
[Date "2024.03.21"]
[Round "9.7"]
[White "Moussard, Jules"]
[Black "Wadsworth, Matthew"]
[WhiteElo "2621"]
[BlackElo "2450"]
[Result "0-1"]
[EventDate "2024.03.15"]
[PlyCount "82"]

1. e4 {[%eval 13,0]} e5 {[%eval 17,0]} 2. Nf3 {[%eval 21,0]} Nc6 {[%eval 13,0]}
3. Bc4 {[%eval 14,0]} Nf6 {[%eval 21,0]} 4. d3 {[%eval 21,0]} Bc5 {[%eval 18,0]
} 5. O-O {[%eval 7,0]} d6 {[%eval 21,0]} 6. c3 {[%eval 11,0]} a5 {[%eval 14,0]}
7. Re1 {[%eval 16,0]} Ba7 {[%eval 29,0]} 8. Nbd2 {[%eval 21,0]} O-O {[%eval 16,
0]} 9. Nf1 {[%eval 17,0]} Ne7 {[%eval 44,0]} 10. Ng3 {[%eval 38,0]} Ng6 {
[%eval 36,0]} 11. h3 {[%eval 26,0]} c6 {[%eval 25,0]} 12. Bb3 {[%eval 34,0]} d5
{[%eval 29,0]} 13. Bg5 {[%eval 6,0]} h6 {[%eval 15,0]} 14. Bxf6 {[%eval 6,0]}
Qxf6 {[%eval 1,0]} 15. d4 {[%eval 16,0]} dxe4 $2 {[%eval 131,0] Mistake. exd4
was best.} (15... exd4 16. cxd4) 16. Rxe4 $2 {[%eval 0,0] Mistake. Nxe4 was
best.} (16. Nxe4) 16... exd4 {[%eval 0,0]} 17. cxd4 {[%eval 3,0]} Nf4 {[%eval
33,0]} 18. Qd2 {[%eval 36,0]} Nd5 {[%eval 27,0]} 19. Ne5 {[%eval 3,0]} Be6 {
[%eval 41,0]} 20. Rae1 {[%eval 46,0]} Rfd8 {[%eval 78,0]} 21. Kh2 $6 {[%eval
16,0] Inaccuracy. Nf3 was best.} (21. Nf3 Qe7 22. a3 Qd6 23. Bc2 a4 24. Rxe6
fxe6 25. Nh5 Rf8 26. Qd3 Rf5 27. Ng3 Nf4) 21... a4 {[%eval 2,0]} 22. Bc4 {
[%eval 2,0]} Bb6 {[%eval 6,0]} 23. R1e2 {[%eval 2,0]} Ba5 {[%eval 3,0]} 24. Qc1
{[%eval 0,0]} a3 {[%eval 0,0]} 25. f4 {[%eval 0,0]} axb2 {[%eval 0,0]} 26. Rxb2
{[%eval 2,0]} Nc3 {[%eval 0,0]} 27. Bxe6 {[%eval 3,0]} Qxe6 {[%eval 2,0]} 28.
f5 {[%eval 9,0]} Qf6 {[%eval 0,0]} 29. Rg4 {[%eval 28,0]} Rxd4 {[%eval 31,0]}
30. Rxd4 {[%eval 26,0]} Qxe5 {[%eval 27,0]} 31. Rd3 {[%eval 26,0]} Ne4 {
[%eval 0,0]} 32. Re2 {[%eval 0,0]} Bc7 {[%eval 0,0]} 33. Qb1 $4 {[%eval -187,0]
Blunder. Qc4 was best.} (33. Qc4 Re8 34. Kg1 Bb6+ 35. Kh2) 33... Re8 $2 {
[%eval 61,0] Mistake. Ra4 was best.} (33... Ra4 34. Ree3 Qxf5 35. Qxb7 Nxg3 36.
Rxg3 Bxg3+ 37. Rxg3 Qf4 38. Qb3 g6 39. Kg1 Rb4 40. Qe3) 34. Qxb7 {[%eval 57,0]}
h5 {[%eval 22,0]} 35. h4 {[%eval 22,0]} Qf4 {[%eval 7,0]} 36. Qxc6 $4 {[%eval
-317,0] Blunder. Kg1 was best.} (36. Kg1 Rb8 37. Qxb8+ Bxb8 38. Rxe4 Qc1+ 39.
Kh2 Kh7 40. Rd8 Qb1 41. Ree8 Bxg3+ 42. Kxg3 Qxf5) 36... Re7 {[%eval -305,0]}
37. f6 $4 {[%eval -32749,0] Checkmate is now unavoidable. Rf3 was best.} (37.
Rf3 Qxh4+ 38. Kg1 Nxg3 39. Rxe7 Qxe7 40. Qxc7 Ne2+ 41. Kf1 Qxc7 42. Kxe2 Qe5+
43. Kf1 Kh7) 37... Nxg3 {[%eval -32751,0]} 38. fxe7 {[%eval -32759,0]} Qxh4+ {
[%eval -32761,0]} 39. Kg1 {[%eval -32761,0]} Qh1+ {[%eval -32763,0]} 40. Kf2
Qf1+ 41. Ke3 Qf4# 0-1

[Event "37th Reykjavik op"]
[Site "Reykjavik ISL"]
[Date "2024.03.21"]
[Round "9.8"]
[White "Chasin, Nico"]
[Black "Sanal, Vahap"]
[WhiteElo "2447"]
[BlackElo "2558"]
[Result "0-1"]
[EventDate "2024.03.15"]
[PlyCount "86"]

1. e4 {[%eval 13,0]} e5 {[%eval 17,0]} 2. Nf3 {[%eval 21,0]} Nc6 {[%eval 13,0]}
3. Nc3 {[%eval 17,0]} Nf6 {[%eval 1,0]} 4. d4 {[%eval 0,0]} exd4 {[%eval 1,0]}
5. Nxd4 {[%eval 13,0]} Bb4 {[%eval 9,0]} 6. Nxc6 {[%eval 3,0]} bxc6 {[%eval 7,
0]} 7. Bd3 {[%eval 3,0]} d5 {[%eval 17,0]} 8. exd5 {[%eval 18,0]} O-O {[%eval
16,0]} 9. O-O {[%eval 15,0]} cxd5 {[%eval 19,0]} 10. Bg5 {[%eval 16,0]} c6 {
[%eval 13,0]} 11. Qf3 {[%eval 8,0]} Bd6 {[%eval 14,0]} 12. Ne2 {[%eval 3,0]}
Be5 {[%eval 7,0]} 13. Rab1 {[%eval 1,0]} h6 {[%eval 3,0]} 14. Bf4 {[%eval 8,0]}
Bg4 {[%eval 0,0]} 15. Qe3 {[%eval 3,0]} Bxe2 {[%eval 3,0]} 16. Bxe2 {[%eval 11,
0]} Bd6 {[%eval 5,0]} 17. Qf3 {[%eval 11,0]} Bxf4 {[%eval 5,0]} 18. Qxf4 {
[%eval 0,0]} Re8 {[%eval 1,0]} 19. Bf3 {[%eval 13,0]} Qa5 {[%eval 3,0]} 20. a3
{[%eval 3,0]} Ne4 {[%eval 6,0]} 21. Rbe1 {[%eval 1,0]} Ng5 {[%eval 1,0]} 22.
Rxe8+ {[%eval 12,0]} Rxe8 {[%eval 16,0]} 23. h4 {[%eval 21,0]} Nxf3+ {[%eval 7,
0]} 24. Qxf3 {[%eval 7,0]} Qa4 {[%eval 5,0]} 25. Qc3 {[%eval 0,0]} Re2 {
[%eval 0,0]} 26. b3 {[%eval 0,0]} Qxh4 {[%eval 0,0]} 27. Qxc6 {[%eval 0,0]} Qe4
{[%eval 0,0]} 28. c4 {[%eval 5,0]} dxc4 {[%eval 9,0]} 29. Qc8+ {[%eval 3,0]}
Kh7 {[%eval 3,0]} 30. bxc4 {[%eval 7,0]} f5 {[%eval 0,0]} 31. Qc5 {[%eval 0,0]}
a6 {[%eval 0,0]} 32. Qa5 {[%eval 0,0]} f4 {[%eval 0,0]} 33. Rd1 {[%eval 0,0]}
Qc2 {[%eval 1,0]} 34. Rd7 $4 {[%eval -398,0] Blunder. Rf1 was best.} (34. Rf1
Qxc4 35. Qf5+ Kg8 36. Rb1 Re8 37. Rb7 f3 38. Qxf3 Re1+ 39. Kh2 Qh4+ 40. Qh3
Qf4+) 34... Qb1+ {[%eval -399,0]} 35. Kh2 {[%eval -393,0]} Re1 {[%eval -392,0]}
36. Kh3 {[%eval -349,0]} Rh1+ {[%eval -329,0]} 37. Kg4 {[%eval -321,0]} Qg6+ {
[%eval -338,0]} 38. Kf3 {[%eval -325,0]} h5 {[%eval -394,0]} 39. Rd4 {[%eval
-491,0]} Qg4+ {[%eval -498,0]} 40. Ke4 {[%eval -312,0]} Qe6+ {[%eval -338,0]}
41. Kf3 {[%eval -392,0]} Qg4+ {[%eval -304,0]} 42. Ke4 {[%eval -315,0]} Re1+ {
[%eval -344,0]} 43. Kd3 {[%eval -497,0]} Rd1+ {[%eval -485,0]} 0-1